[Event "St Petersburg White Nights op"]
[Site "St Petersburg"]
[Date "2012.06.07"]
[Round "6"]
[White "Zheleznaykov, Peter"]
[Black "Mylnikov, Mikhail"]
[Result "1/2-1/2"]
[WhiteElo "1977"]
[BlackElo "1817"]
[PlyCount "73"]
[EventDate "2012.06.02"]
[EventType "swiss"]
[EventRounds "9"]
[EventCountry "RUS"]
[SourceTitle "CBM 148 Extra"]
[Source "ChessBase"]
[SourceDate "2012.06.22"]
[SourceVersion "1"]
[SourceVersionDate "2012.06.22"]
[SourceQuality "1"]

1. d4 Nf6 2. c4 c5 3. d5 e6 4. Nc3 exd5 5. cxd5 d6 6. e4 g6 7. f4 Bg7 8. Bb5+ Nfd7 9. Nf3 a6 10. Bd3 b5 11. 0-0 0-0 12. Kh1 Qc7 13. a3 Nb6 14. Bd2 N8d7 15. Rb1 b4 16. axb4 cxb4 17. Na4 Nxa4 18. Qxa4 Nc5 19. Qc2 b3 20. Qc4 Bd7 21. Nd4 Bxd4 22. Qxd4 Nxd3 23. Bc3 f6 24. Qxd3 Bb5 25. Qh3 Bxf1 26. Rxf1 Rae8 27. Qd3 Qb6 28. Re1 Qb5 29. Qf3 a5 30. h3 a4 31. Qg3 Qc4 32. f5 Rxe4 33. fxg6 Rxe1+ 34. Qxe1 Qxd5 35. gxh7+ Kxh7 36. Qh4+ Kg8 37. Qxa4 1/2-1/2

[Event "St Petersburg White Nights op"]
[Site "St Petersburg"]
[Date "2012.06.03"]
[Round "2"]
[White "Safronov, Kirill"]
[Black "Mylnikov, Mikhail"]
[Result "1/2-1/2"]
[WhiteElo "2039"]
[BlackElo "1817"]
[PlyCount "57"]
[EventDate "2012.06.02"]
[EventType "swiss"]
[EventRounds "9"]
[EventCountry "RUS"]
[SourceTitle "CBM 148 Extra"]
[Source "ChessBase"]
[SourceDate "2012.06.22"]
[SourceVersion "1"]
[SourceVersionDate "2012.06.22"]
[SourceQuality "1"]

1. e4 c5 2. Nf3 e6 3. d4 cxd4 4. Nxd4 Nf6 5. Nc3 d6 6. g4 Be7 7. Bg2 0-0 8. 0-0 a6 9. Be3 Qc7 10. g5 Nfd7 11. f4 Re8 12. f5 Bf8 13. fxe6 fxe6 14. Qh5 g6 15. Qh3 Ne5 16. Rf6 Nc4 17. Raf1 Nxe3 18. Rf7 Qxf7 19. Rxf7 Kxf7 20. Qxe3 Nc6 21. Nf3 b5 22. Qb6 Bd7 23. h4 Ke7 24. Bh3 Bg7 25. Nd5+ exd5 26. Bxd7 Nd4 27. Nxd4 Bxd4+ 28. Qxd4 Kxd7 29. exd5 1/2-1/2

[Event "St Petersburg Spring op"]
[Site "St Petersburg"]
[Date "2012.03.23"]
[Round "2"]
[White "Krukovsky, Alexander"]
[Black "Mylnikov, Mikhail"]
[Result "1/2-1/2"]
[WhiteElo "2089"]
[BlackElo "1806"]
[PlyCount "39"]
[EventDate "2012.03.22"]
[EventType "swiss"]
[EventRounds "9"]
[EventCountry "RUS"]
[SourceTitle "EXT 2013"]
[Source "ChessBase"]
[SourceDate "2012.11.22"]
[SourceVersion "1"]
[SourceVersionDate "2012.11.22"]
[SourceQuality "1"]

1. d4 Nf6 2. Nf3 c5 3. e3 e6 4. c4 b6 5. Nc3 Bb7 6. d5 exd5 7. cxd5 d6 8. Be2 g6 9. 0-0 Bg7 10. e4 0-0 11. Nd2 a6 12. a4 Nbd7 13. h3 Re8 14. Re1 Qc7 15. Qc2 Rac8 16. Nc4 Ne5 17. Ne3 Re7 18. f4 Ned7 19. Nc4 Rce8 20. e5 1/2-1/2

[Event "St Petersburg Spring op"]
[Site "St Petersburg"]
[Date "2012.03.22"]
[Round "1"]
[White "Mylnikov, Mikhail"]
[Black "Palchun, Grigory"]
[Result "1-0"]
[WhiteElo "1806"]
[BlackElo "2206"]
[PlyCount "85"]
[EventDate "2012.03.22"]
[EventType "swiss"]
[EventRounds "9"]
[EventCountry "RUS"]
[SourceTitle "EXT 2013"]
[Source "ChessBase"]
[SourceDate "2012.11.22"]
[SourceVersion "1"]
[SourceVersionDate "2012.11.22"]
[SourceQuality "1"]

1. e4 c5 2. Nc3 Nc6 3. g3 g6 4. Bg2 Bg7 5. d3 e6 6. Be3 d6 7. Qd2 Rb8 8. Nf3 Nd4 9. Bxd4 cxd4 10. Nb5 e5 11. Qb4 Bf8 12. Nxa7 Bd7 13. Nb5 Qb6 14. a4 Nf6 15. Nd2 d5 16. Qb3 dxe4 17. dxe4 Qa5 18. 0-0-0 Bxb5 19. Qxb5+ Qxb5 20. axb5 Bh6 21. Kb1 Ng4 22. Rhf1 Nxh2 23. Rh1 Ng4 24. Rhf1 Bxd2 25. Rxd2 Ke7 26. Bh3 Nf6 27. Re1 Ra8 28. f4 exf4 29. gxf4 Rhd8 30. e5 Nh5 31. Re4 Ra4 32. Rd3 Rda8 33. Kc1 Ra1+ 34. Kd2 Rh1 35. Rexd4 Rh2+ 36. Kc3 Rf2 37. Rd7+ Ke8 38. Rxb7 Nxf4 39. Bd7+ Kf8 40. Rd1 Ra4 41. Bc6 Ne2+ 42. Kb3 Rh4 43. e6 1-0

[Event "St Petersburg Blockade op"]
[Site "St Petersburg"]
[Date "2012.01.11"]
[Round "9"]
[White "Timirev, Sergey"]
[Black "Mylnikov, Mikhail"]
[Result "1-0"]
[WhiteElo "1803"]
[BlackElo "1828"]
[PlyCount "57"]
[EventDate "2012.01.03"]
[EventType "swiss"]
[EventRounds "9"]
[EventCountry "RUS"]
[SourceTitle "EXT 2014"]
[Source "ChessBase"]
[SourceDate "2013.11.20"]
[SourceVersion "1"]
[SourceVersionDate "2013.11.20"]
[SourceQuality "1"]

1. d4 Nf6 2. c4 c5 3. d5 e6 4. Nc3 exd5 5. cxd5 d6 6. e4 g6 7. f4 Bg7 8. Bb5+ Nfd7 9. a4 a6 10. Bd3 b6 11. Nf3 0-0 12. 0-0 Qc7 13. Bc4 Re8 14. e5 Nf8 15. Ne4 dxe5 16. fxe5 Bg4 17. d6 Qa7 18. Qb3 Nc6 19. Nfg5 Nxe5 20. Rxf7 Nxf7 21. Bxf7+ Kh8 22. Bxe8 Bd4+ 23. Be3 Rxe8 24. Bxd4+ cxd4 25. Nf6 Be6 26. Nxe6 Rxe6 27. d7 Qc7 28. Qd5 Qf4 29. Ng4 1-0

[Event "St Petersburg Blockade op"]
[Site "St Petersburg"]
[Date "2012.01.07"]
[Round "5"]
[White "Mylnikov, Mikhail"]
[Black "Zvereva, Svetlana"]
[Result "1-0"]
[WhiteElo "1828"]
[BlackElo "1701"]
[PlyCount "61"]
[EventDate "2012.01.03"]
[EventType "swiss"]
[EventRounds "9"]
[EventCountry "RUS"]
[SourceTitle "EXT 2014"]
[Source "ChessBase"]
[SourceDate "2013.11.20"]
[SourceVersion "1"]
[SourceVersionDate "2013.11.20"]
[SourceQuality "1"]

1. e4 e5 2. Nf3 Nc6 3. d4 exd4 4. Nxd4 Qh4 5. Nc3 Bb4 6. Ndb5 Qxe4+ 7. Be2 Bxc3+ 8. bxc3 Kd8 9. 0-0 Nf6 10. Re1 Qd5 11. Qxd5 Nxd5 12. Bc4 Nce7 13. Rd1 a6 14. Nd6 cxd6 15. Bxd5 Nxd5 16. Rxd5 b5 17. Be3 Bb7 18. Rxd6 Bc6 19. Re1 Rb8 20. Bf4 Rb7 21. Bg5+ Kc7 22. Rd3 f6 23. Bf4+ Kd8 24. Bd6 Re8 25. Rde3 Re6 26. Bf8 Rxe3 27. Rxe3 d5 28. Re6 Be8 29. Rxa6 Rc7 30. Ra8+ Kd7 31. Bxg7 1-0

[Event "St Petersburg White Nights op"]
[Site "St Petersburg"]
[Date "2011.06.09"]
[Round "3"]
[White "Azimova, Karina"]
[Black "Mylnikov, Mikhail"]
[Result "1-0"]
[WhiteElo "2067"]
[BlackElo "1762"]
[PlyCount "63"]
[EventDate "2011.06.07"]
[EventType "swiss"]
[EventRounds "9"]
[EventCountry "RUS"]
[SourceTitle "EXT 2012"]
[Source "ChessBase"]
[SourceDate "2011.11.24"]
[SourceVersion "1"]
[SourceVersionDate "2011.11.24"]
[SourceQuality "1"]

1. e4 c5 2. Nf3 e6 3. c4 d6 4. d4 cxd4 5. Nxd4 Nf6 6. Nc3 a6 7. Bd3 Be7 8. 0-0 0-0 9. Be3 Qc7 10. Rc1 b6 11. b3 Bb7 12. f3 Nbd7 13. Bb1 Rac8 14. g4 Qb8 15. g5 Ne8 16. f4 Nc7 17. Rf3 d5 18. exd5 Rfd8 19. Bxh7+ Kf8 20. d6 Bxd6 21. Nc6 Bxc6 22. Qxd6+ Ke8 23. Qxc6 Nd5 24. cxd5 Rxc6 25. dxc6 Nc5 26. b4 Nd3 27. Bxd3 Rxd3 28. Kf2 Qc7 29. Na4 Ra3 30. Nxb6 Rxa2+ 31. Kg3 Rb2 32. Na8 1-0

[Event "St Petersburg Spring op"]
[Site "St Petersburg"]
[Date "2011.03.30"]
[Round "8"]
[White "Yusupova, Lilia"]
[Black "Mylnikov, Mikhail"]
[Result "1/2-1/2"]
[WhiteElo "1675"]
[BlackElo "1764"]
[PlyCount "69"]
[EventDate "2011.03.23"]
[EventType "swiss"]
[EventRounds "9"]
[EventCountry "RUS"]
[SourceTitle "CBM 141 Extra"]
[Source "ChessBase"]
[SourceDate "2011.05.03"]
[SourceVersion "1"]
[SourceVersionDate "2011.05.03"]
[SourceQuality "1"]

1. d4 Nf6 2. Nf3 c5 3. c4 e6 4. e3 Be7 5. Bd3 b6 6. 0-0 Bb7 7. Nbd2 d6 8. Qc2 0-0 9. b3 Nc6 10. Bb2 Nb4 11. Qc3 Nxd3 12. Qxd3 cxd4 13. Nxd4 d5 14. Rac1 dxc4 15. Qxc4 Rc8 16. Qe2 Rxc1 17. Rxc1 Nd7 18. N4f3 Nc5 19. Rd1 Ba6 20. Nc4 Bxc4 21. bxc4 Qc7 22. Qc2 Rd8 23. Rxd8+ Qxd8 24. Bd4 Qe8 25. Bxc5 Bxc5 26. Kf1 g6 27. Ng5 Qe7 28. Ne4 f5 29. Nxc5 Qxc5 30. Qd3 Qc7 31. g3 Kf7 32. Ke2 Qc6 33. f3 h5 34. Qb3 g5 35. Qb5 1/2-1/2

[Event "St Petersburg Spring op"]
[Site "St Petersburg"]
[Date "2011.03.26"]
[Round "4"]
[White "Katyshkina, Anastasia"]
[Black "Mylnikov, Mikhail"]
[Result "1-0"]
[WhiteElo "1907"]
[BlackElo "1764"]
[PlyCount "45"]
[EventDate "2011.03.23"]
[EventType "swiss"]
[EventRounds "9"]
[EventCountry "RUS"]
[SourceTitle "CBM 141 Extra"]
[Source "ChessBase"]
[SourceDate "2011.05.03"]
[SourceVersion "1"]
[SourceVersionDate "2011.05.03"]
[SourceQuality "1"]

1. e4 c5 2. Nf3 e6 3. c4 d6 4. d4 cxd4 5. Nxd4 Nf6 6. Nc3 Be7 7. Bd3 0-0 8. 0-0 a6 9. Be3 Qc7 10. f4 Nbd7 11. Rc1 b6 12. g4 Nc5 13. g5 Nfd7 14. Bb1 Re8 15. b4 Nb7 16. f5 Bf8 17. Rf3 g6 18. Rh3 Ne5 19. Qe1 Nd8 20. Qh4 f6 21. gxf6 Qf7 22. Rf1 Nxc4 23. fxg6 1-0

[Event "St Petersburg Blockade op"]
[Site "St Petersburg"]
[Date "2011.01.08"]
[Round "6"]
[White "Chernyak, Viktoria"]
[Black "Mylnikov, Mikhail"]
[Result "1/2-1/2"]
[WhiteElo "1706"]
[BlackElo "1771"]
[PlyCount "63"]
[EventDate "2011.01.03"]
[EventType "swiss"]
[EventRounds "9"]
[EventCountry "RUS"]
[SourceTitle "CBM 140 Extra"]
[Source "ChessBase"]
[SourceDate "2011.03.01"]
[SourceVersion "1"]
[SourceVersionDate "2011.03.01"]
[SourceQuality "1"]

1. b3 c5 2. Bb2 Nc6 3. e3 e6 4. Nf3 d6 5. Be2 Nf6 6. 0-0 Be7 7. d3 0-0 8. Nc3 a6 9. a3 b5 10. h3 Bb7 11. Nh2 Qc7 12. Bf3 Nd7 13. Re1 Nde5 14. Ne4 Nxf3+ 15. Nxf3 f5 16. Ng3 Bf6 17. Bxf6 Rxf6 18. e4 f4 19. Nh5 Rff8 20. Ng5 Qe7 21. Qg4 Bc8 22. Nxf4 Qf6 23. Ngxe6 Nd4 24. e5 dxe5 25. Nh5 Qxf2+ 26. Kh1 Nxe6 27. Rxe5 Qf7 28. Rae1 Nf4 29. Qxf4 Qxf4 30. Nxf4 Rxf4 31. Rxc5 Bb7 32. Re7 1/2-1/2

[Event "St Petersburg White Nights op"]
[Site "St Petersburg"]
[Date "2010.06.24"]
[Round "9"]
[White "Mylnikov, Mikhail"]
[Black "Sinajskij, Anatolij"]
[Result "0-1"]
[WhiteElo "1740"]
[BlackElo "2087"]
[PlyCount "82"]
[EventDate "2010.06.16"]
[EventType "swiss"]
[EventRounds "9"]
[EventCountry "RUS"]
[SourceTitle "EXT 2011"]
[Source "ChessBase"]
[SourceDate "2010.11.26"]
[SourceVersion "1"]
[SourceVersionDate "2010.11.26"]
[SourceQuality "1"]

1. e4 d6 2. d4 Nf6 3. Nc3 g6 4. g3 Bg7 5. Bg2 0-0 6. Nge2 e5 7. h3 Nc6 8. Be3 Re8 9. 0-0 a6 10. Qd2 b5 11. Rae1 Bb7 12. a3 Rb8 13. f4 b4 14. axb4 Nxb4 15. f5 d5 16. dxe5 Rxe5 17. Bf4 Re8 18. e5 Nd7 19. f6 Bf8 20. Nc1 Nc5 21. Bh6 Re6 22. Bxf8 Qxf8 23. Nd3 Ncxd3 24. cxd3 c5 25. h4 Rbe8 26. h5 Rxe5 27. Rxe5 Rxe5 28. hxg6 hxg6 29. d4 Re6 30. g4 Qd6 31. dxc5 Qxc5+ 32. Kh1 Qe3 33. Qxe3 Rxe3 34. Rf4 a5 35. Nb5 Re5 36. Nd6 Ba6 37. Bf1 Re1 38. Kg2 Rxf1 39. Rxf1 Bxf1+ 40. Kxf1 Nd3 41. b3 Nc5 0-1

[Event "St Petersburg White Nights op"]
[Site "St Petersburg"]
[Date "2010.06.17"]
[Round "2"]
[White "Mylnikov, Mikhail"]
[Black "Mikhailov, Ivan"]
[Result "1-0"]
[WhiteElo "1740"]
[BlackElo "1920"]
[PlyCount "77"]
[EventDate "2010.06.16"]
[EventType "swiss"]
[EventRounds "9"]
[EventCountry "RUS"]
[SourceTitle "EXT 2011"]
[Source "ChessBase"]
[SourceDate "2010.11.26"]
[SourceVersion "1"]
[SourceVersionDate "2010.11.26"]
[SourceQuality "1"]

1. e4 c5 2. Nc3 Nc6 3. g3 g6 4. Bg2 Bg7 5. d3 d6 6. Be3 Rb8 7. Qd2 b5 8. Nge2 b4 9. Nd1 Qb6 10. 0-0 e6 11. f4 Nge7 12. g4 f5 13. gxf5 exf5 14. exf5 Nxf5 15. Ng3 0-0 16. Nxf5 Bxf5 17. c3 a5 18. Nf2 Ne7 19. Rad1 Be6 20. c4 Nf5 21. Rfe1 Rbe8 22. Kh1 Bd7 23. Ne4 Nxe3 24. Rxe3 Kh8 25. Rde1 a4 26. Ng5 Rxe3 27. Rxe3 Bf6 28. Qe2 Bc6 29. Re7 Bxg2+ 30. Kxg2 Qc6+ 31. Kg3 Bxg5 32. fxg5 Qh1 33. Qe3 Qf1 34. h4 Rf7 35. Re8+ Rf8 36. Re6 Qa1 37. Rxd6 Qxb2 38. Rd7 Qc3 39. Qe7 1-0

[Event "St Petersburg Blokadny op"]
[Site "St Petersburg"]
[Date "2010.01.10"]
[Round "8"]
[White "Tarasov, Ilya"]
[Black "Mylnikov, Mikhail"]
[Result "1-0"]
[WhiteElo "1846"]
[BlackElo "1763"]
[PlyCount "99"]
[EventDate "2010.01.03"]
[EventType "swiss"]
[EventRounds "9"]
[EventCountry "RUS"]
[SourceTitle "CBM 134 Extra"]
[Source "ChessBase"]
[SourceDate "2010.03.03"]
[SourceVersion "1"]
[SourceVersionDate "2010.03.03"]
[SourceQuality "1"]

1. d4 Nf6 2. c4 c5 3. d5 b5 4. cxb5 a6 5. b6 Qxb6 6. Nc3 d6 7. e4 g6 8. Nf3 Bg7 9. Nd2 0-0 10. Be2 Nbd7 11. 0-0 Ne5 12. h3 g5 13. Nc4 Nxc4 14. Bxc4 h6 15. b3 Bd7 16. Rb1 Bb5 17. Qe2 Bxc4 18. Qxc4 Qb4 19. Qd3 Qd4 20. Qc2 Nh5 21. Ne2 Qb4 22. Bd2 Qb6 23. Nc3 Rac8 24. Qd1 Nf6 25. Re1 Nd7 26. Qc1 Ne5 27. Rf1 Qa7 28. h4 c4 29. hxg5 hxg5 30. Be3 Qc7 31. Bxg5 Nd3 32. Qd2 Qa5 33. b4 Nxb4 34. Bxe7 Rfe8 35. Qg5 Rxe7 36. Qxe7 Bxc3 37. Qxd6 Rd8 38. Qg3+ Bg7 39. Rfc1 Nxa2 40. Rxc4 Nc3 41. Re1 Nxd5 42. Rd1 Nf6 43. Rxd8+ Qxd8 44. Qf3 Qb8 45. Rc1 Qb7 46. Qf5 Qb5 47. Rc8+ Ne8 48. Qxb5 axb5 49. Rxe8+ Kh7 50. Rb8 1-0

[Event "St Petersburg Blokadny op"]
[Site "St Petersburg"]
[Date "2010.01.09"]
[Round "7"]
[White "Mylnikov, Mikhail"]
[Black "Kiseleva, Arina"]
[Result "1/2-1/2"]
[WhiteElo "1763"]
[BlackElo "1856"]
[PlyCount "93"]
[EventDate "2010.01.03"]
[EventType "swiss"]
[EventRounds "9"]
[EventCountry "RUS"]
[SourceTitle "CBM 134 Extra"]
[Source "ChessBase"]
[SourceDate "2010.03.03"]
[SourceVersion "1"]
[SourceVersionDate "2010.03.03"]
[SourceQuality "1"]

1. d4 Nf6 2. g3 d5 3. Bg2 Bf5 4. Nf3 e6 5. 0-0 Bd6 6. c4 c6 7. Nfd2 0-0 8. Nc3 Nbd7 9. e4 dxe4 10. Ncxe4 Be7 11. Nc3 Nb6 12. c5 Nbd5 13. Nde4 Nxe4 14. Nxe4 Qd7 15. Be3 Nxe3 16. fxe3 Bxe4 17. Bxe4 f5 18. Bg2 Bf6 19. Rf2 g5 20. Rd2 Rad8 21. Qe2 Qg7 22. Qc4 Rfe8 23. Rad1 Qg6 24. b4 a6 25. a4 Rc8 26. b5 axb5 27. axb5 Re7 28. bxc6 bxc6 29. Rb2 g4 30. Rb6 Bg5 31. Rxc6 Bxe3+ 32. Kh1 Rxc6 33. Bxc6 f4 34. d5 fxg3 35. dxe6 Bh6 36. Rd8+ Bf8 37. Qf4 Qb1+ 38. Kg2 Qc2+ 39. Kxg3 Qc3+ 40. Kg2 Qc2+ 41. Qf2 Qxf2+ 42. Kxf2 Rc7 43. Bd7 Kg7 44. c6 Bd6 45. Be8 Bxh2 46. Rd7+ Kf6 47. Rxc7 1/2-1/2

[Event "RUS-chB U14"]
[Site "Dagomys"]
[Date "2009.04.22"]
[Round "8"]
[White "Kurishev, Artemiy"]
[Black "Mylnikov, Mikhail"]
[Result "1-0"]
[WhiteElo "1594"]
[BlackElo "1763"]
[PlyCount "71"]
[EventDate "2009.04.15"]
[EventType "swiss"]
[EventRounds "9"]
[EventCountry "RUS"]
[SourceTitle "EXT 2012"]
[Source "ChessBase"]
[SourceDate "2011.11.24"]
[SourceVersion "1"]
[SourceVersionDate "2011.11.24"]
[SourceQuality "1"]

1. e4 c5 2. c3 d5 3. exd5 Qxd5 4. d4 cxd4 5. cxd4 Nc6 6. Nf3 Bg4 7. Be2 e6 8. 0-0 Nf6 9. h3 Bh5 10. Nc3 Qd8 11. Be3 Be7 12. Qb3 a6 13. Rfd1 0-0 14. a3 Nd5 15. Nxd5 exd5 16. Rac1 Na5 17. Qa2 b5 18. Bd2 Nc4 19. Bb4 Bxb4 20. axb4 Qe7 21. b3 Nb6 22. Rc6 Qb7 23. Rdc1 Rac8 24. Rxc8 Rxc8 25. Rxc8+ Qxc8 26. Ne5 Qc1+ 27. Bf1 h6 28. g4 Qg5 29. Qxa6 f6 30. Nf3 Qf4 31. Qxb6 Bg6 32. Nh4 Be4 33. Qxb5 Qg5 34. Nf5 h5 35. Ng3 Bf3 36. Qe8+ 1-0